000 01267nam a22003497a 4500
003 CHAP
005 20220329143816.0
008 110919s2010 es r 00010 spa d
010 _a102135
011 _a103107
020 _a9788473512930
035 _a113796
040 _cCHAP
082 0 4 _a350.946
_bP19
245 0 0 _aPanorama de las administraciones públicas 2009
_c/editado por Instituto Nacional de Administración Pública
260 _aMadrid :
_bINAP :
_bOCDE,
_c2010
300 _a236 p. :
_banexos, glosario, gráfs., tablas
490 _aEstudios y documentos
500 _aIncluye bibliografía : p. 232-236
534 _pTít. original :
_tGovernment at a glance 2009.
_cParis : OECD, c.2009.
590 _aBATCH-UPD
_b10
_c20130110
_lUCH01
_h1249
590 _aBATCH-UPD
_b10
_c20130410
_lUCH01
_h0812
590 _aBATCH-UPD
_b10
_c20130914
_lUCH01
_h1339
590 _aCONVERSION
_b10
_c20130109
_lUCH01
_h1356
650 1 4 _aAdministracion publica.
_9934
650 1 4 _aPolítica y gobierno.
_990717
710 2 _aInstituto Nacional de Administración Pública. España
_e, ed.
_959283
830 0 _aEstudios y documentos
_938561
901 _aBK
942 _cLIBRO
949 _a350.946 P19
_bBC
_cLIBRO
_d33724002310520
_eLIBRO
_h115842
_i113796
_sb
999 _c102135
_d102135